000 00683nam a2200217 a 4500
005 20250703144042.0
008 991125s1985 mx 000 0 spa u
020 _a9681622898
035 _aUPN01000025286
040 _aMX-MxUPN
_bspa
_cMX-MxUPN
049 _aCG
050 4 _aF1234 V5
_bK7.8
100 1 _aKrauze, Enrique,
_d1947-
_928570
245 1 0 _aFrancisco Villa :
_bentre el ángel y el fierro /
_cEnrique Krause ; investigación iconográfica de Aurelio de los Reyes.
260 _aMéxico :
_bFCE,
_c1985.
300 _a117 p. :
_bfots.
440 0 _aBiografía del poder ;
_v4
600 1 2 _aVilla, Francisco,
_d1878-1923
_912809
905 _aLibro
942 _2lcc
_cLIBRO
999 _c25286
_d25286